[Event "XXVIII"]
[Site "Seville ESP"]
[Date "2003.01.12"]
[Round "3"]
[White "Happel,H"]
[Black "Mellado Trivino,J"]
[Result "0-1"]
[WhiteElo "2251"]
[BlackElo "2462"]

1.d4 d5 2.c4 dxc4 3.e4 Nf6 4.e5 Nd5 5.Bxc4 Nc6 6.Nf3 Bg4 7.Nc3 e6 8.Bb5 Bb4
9.Bd2 Ne7 10.Bg5 Bxf3 11.gxf3 Qd5 12.Qd3 a6 13.Ke2 Bxc3 14.Bxc6+ Nxc6 15.bxc3 f6
16.Bf4 fxe5 17.dxe5 O-O 18.Qxd5 exd5 19.Bg3 Nxe5 20.Rhd1 c6 21.Bxe5 Rae8
22.Rd3 Rxe5+ 23.Re3 Rh5 24.Rg1 g6 25.Re7 Rf7 26.Rxf7 Kxf7 27.Rb1 b5 28.Rb3 Rh4
29.Ke3 Ra4 30.Rb2 Ke6 31.Kd3 c5 32.Re2+ Kd6 33.Re8 Rxa2 34.Rd8+ Ke5 35.Re8+ Kf6
36.Rc8 c4+ 37.Kd4 Rxf2 38.Kxd5 Kg5 39.Ke4 Re2+ 40.Kd4 Rxh2 41.Rc6  0-1

[Event "Inv. Tens"]
[Site "Wijk aan Zee NED"]
[Date "2003.01.18"]
[Round "2"]
[White "Strating,S"]
[Black "L'Ami,E"]
[Result "0-1"]
[WhiteElo "2325"]
[BlackElo "2438"]

1.d4 d5 2.c4 dxc4 3.e4 Nc6 4.Nf3 Bg4 5.Be3 Nf6 6.Nc3 e6 7.Bxc4 Bb4 8.d5 exd5
9.exd5 Bxc3+ 10.bxc3 Ne7 11.Qa4+ Bd7 12.Qb3 Ne4 13.Bd3 Nd6 14.c4 b6 15.O-O O-O
16.Rfe1 Bf5 17.Bf1 Be4 18.Bg5 Re8 19.Nd2 Bg6 20.Qa4 f6 21.Be3 Nef5 22.Bf4 Nd4
23.Rac1 Qc8 24.Be3 N4f5 25.c5 bxc5 26.Rxc5 Nxe3 27.Rxe3 Rxe3 28.fxe3 Qd8
29.Qd4 Rb8 30.Qc3 Rb7 31.a4 Be8 32.a5 Bb5 33.a6 Rb8 34.Bxb5 Nxb5 35.Qa5 Qe7
36.Qb4 Qxe3+ 37.Kf1 Re8 38.Nf3 Qd3+ 39.Kg1 Nd6 40.Qd2 Qxa6 41.Rc6 Qb5 42.h4 Re2
43.Qd4 Qb1+ 44.Kh2 Qg6 45.Qg1 Ne4 46.Ng5 Qh5  0-1

[Event "Inv. Tens"]
[Site "Wijk aan Zee NED"]
[Date "2003.01.21"]
[Round "5"]
[White "Peek,Mar"]
[Black "L'Ami,E"]
[Result "0-1"]
[WhiteElo "2417"]
[BlackElo "2438"]

1.d4 d5 2.c4 dxc4 3.e4 Nc6 4.Nf3 Bg4 5.d5 Ne5 6.Bf4 Ng6 7.Be3 e5 8.Nc3 Bd6
9.Bxc4 a6 10.Be2 Nf6 11.Nd2 Bxe2 12.Qxe2 O-O 13.O-O Qe7 14.Rfd1 h6 15.Rac1 Nf4
16.Qf1 Ng4 17.Nc4 b5 18.Nxd6 cxd6 19.Ne2 Nxe3 20.fxe3 Qa7 21.Qf2 Nxe2+ 22.Qxe2 Rac8
23.Qd2 Kh7 24.Kf2 Qd7 25.h3 Qe7 26.g3 Rxc1 27.Rxc1 f5 28.exf5 Rxf5+ 29.Kg2 e4
30.Rf1 Rxf1 31.Kxf1 Qf6+ 32.Kg2 Qf3+ 33.Kh2 Qf1 34.h4 h5 35.Qg2 Qxg2+ 36.Kxg2 Kg6
37.Kh3 Kf5 38.g4+ hxg4+ 39.Kg3 b4 40.b3 a5 41.Kf2 Kg6  0-1

[Event "Kaissa Open"]
[Site "Kharkov UKR"]
[Date "2003.01.28"]
[Round "7"]
[White "Kobylkin,E"]
[Black "Bondarchuk,S"]
[Result "1-0"]
[WhiteElo "2425"]
[BlackElo "2334"]

1.d4 d5 2.c4 dxc4 3.e4 c5 4.d5 Nf6 5.Nc3 b5 6.e5 b4 7.exf6 bxc3 8.Qa4+ Nd7
9.Bxc4 exf6 10.Ne2 Qb6 11.Nxc3 Bd6 12.Bb5 Qd8 13.Bc6 Rb8 14.O-O O-O 15.Qxa7 Rb4
16.Be3 Bb8 17.Qa3 Ne5 18.Bxc5 Rh4 19.f4 Nxc6 20.dxc6  1-0

[Event "GMA"]
[Site "Bermuda BER"]
[Date "2003.02.03"]
[Round "9"]
[White "Miton,K"]
[Black "Markowski,T"]
[Result "1/2-1/2"]
[WhiteElo "2544"]
[BlackElo "2574"]

1.d4 d5 2.c4 dxc4 3.e4 c5 4.Nf3 cxd4 5.Qxd4 Qxd4 6.Nxd4 Bd7 7.Bxc4 Nc6 8.Nxc6 Bxc6
9.Nc3 e6 10.Be3 Bb4 11.f3 Bxc3+ 12.bxc3 Nf6 13.Kf2 Nd7 14.Be2 Ke7  1/2-1/2

[Event "Gibraltar Masters"]
[Site "Catalan Bay ENG"]
[Date "2003.02.06"]
[Round "10"]
[White "Agdestein,S"]
[Black "Cramling,P"]
[Result "1-0"]
[WhiteElo "2578"]
[BlackElo "2492"]

1.d4 d5 2.c4 dxc4 3.e4 Nc6 4.Nf3 Bg4 5.Be3 e6 6.Bxc4 Qf6 7.Bb5 Bb4+ 8.Nc3 Ne7
9.h3 Bxf3 10.Qxf3 Qxf3 11.gxf3 O-O-O 12.O-O-O a6 13.Bc4 Ba5 14.Rhg1 g6 15.Rd2 Rd7
16.a3 b5 17.Ba2 b4 18.axb4 Nxb4 19.Bb3 Rhd8 20.Ba4 c6 21.Rgd1 Rb7 22.Bg5 Re8
23.Kb1 h6 24.Be3 Rh8 25.Ka1 Kb8 26.Rc1 g5 27.f4 Ng6 28.fxg5 hxg5 29.Bxg5 Rh5
30.Be3 Rxh3 31.Rg1 Bc7 32.Bd1 Bf4 33.Na4 Rd7 34.Nc5 Rd8 35.Bb3 Rh2 36.Rdd1 Bxe3
37.fxe3 Rh3 38.Rde1 Rdh8 39.Kb1 Nh4 40.Rg7 Nf3 41.Rd1 R8h7 42.Rxh7 Rxh7 43.Kc1 Rh3
44.Rf1 Rg3 45.Bd1 Ng5 46.Kd2 Rg2+ 47.Kc3 Na2+ 48.Kb3 Nc1+ 49.Ka3 Rg3 50.Re1 Rg2
51.Nxa6+ Ka7 52.Nb4 Rd2 53.Ba4 Ne2 54.b3 Nxe4 55.Nxc6+ Ka6  1-0

[Event "11th Aosta Open"]
[Site "Saint Vincent ITA"]
[Date "2003.02.12"]
[Round "5"]
[White "Karl,H"]
[Black "Skripchenko,A"]
[Result "0-1"]
[WhiteElo "2286"]
[BlackElo "2501"]

1.d4 d5 2.c4 dxc4 3.e4 c5 4.d5 Nf6 5.Nc3 b5 6.e5 b4 7.exf6 bxc3 8.bxc3 exf6
9.Bxc4 Bd6 10.Qe2+ Qe7 11.Qxe7+ Kxe7 12.Nf3 Nd7 13.O-O Nb6 14.Re1+ Kd8 15.Bd3 Kc7
16.c4 Ba6 17.Ba3 Rab8 18.Rac1 Rhe8 19.Bf1 Nd7 20.g3 h6 21.Kg2 f5 22.Bd3 g6
23.Rxe8 Rxe8 24.Rb1 Nb6 25.Rc1 Nxd5 26.cxd5 Bxd3 27.Bxc5 Bxc5 28.Rxc5+ Kd6
29.Rc3 Be4 30.Kf1 Rb8 31.Nd2 Bxd5 32.Nb3 Rb5 33.Ke2 a5 34.Ke3 a4 35.Nd4 Rc5
36.Ra3 Rc4 37.f3 Kc5 38.Rd3 Rc1 39.Ne2 Rf1 40.Rc3+ Kd6 41.Nd4 Re1+ 42.Kf2 Rd1
43.Nb5+ Ke7 44.Re3+ Kf6 45.Nc3 Rd2+ 46.Ke1 Rd4 47.Nxd5+ Rxd5 48.Ra3 Rd4 49.Ke2 f4
50.Rc3 Rb4 51.Rc2 h5 52.Kd3 fxg3 53.hxg3 g5 54.Rc6+ Kf5 55.Rc5+ Kg6 56.Rc2 h4
57.gxh4 gxh4 58.Rg2+ Kh5 59.Ke3 h3 60.Rg7 Kh4 61.Rxf7 h2 62.f4 Rb2 63.Rg7 Kh3
64.Rh7+ Kg2  0-1

[Event "1st Festival"]
[Site "Nancy FRA"]
[Date "2003.03.09"]
[Round "9"]
[White "Taddei,B"]
[Black "David,Vi"]
[Result "1/2-1/2"]
[WhiteElo "2320"]
[BlackElo "2356"]

1.d4 d5 2.c4 dxc4 3.e4 e5 4.Nf3 exd4 5.Bxc4 Nc6 6.O-O Be6 7.Bxe6 fxe6 8.Nbd2 Qd7
9.Nc4 O-O-O 10.a3 Nf6 11.e5 Ne4 12.b4 Qd5 13.Qd3 Be7 14.Re1 Nc3 15.Bd2 Na4
16.Rac1 Kb8 17.Qc2 Nc3 18.Qd3 Nb5 19.Rb1 g5 20.Bxg5 Bxg5 21.Nxg5 Nc3 22.Rbc1 Rhg8
23.f4 Rdf8 24.g3 h6 25.Nh7 b5 26.Rxc3 dxc3 27.Qxd5 exd5 28.Na5 Nxa5 29.Nxf8 Nb3
30.Nd7+ Kb7 31.Nc5+ Nxc5 32.bxc5 Kc6 33.e6 d4 34.f5 d3 35.f6 d2 36.Rf1 c2
37.f7 c1=Q  1/2-1/2

[Event "Tch-SWE 2002-3"]
[Site "Sweden SWE"]
[Date "2003.03.14"]
[Round "9"]
[White "Ahlander,B"]
[Black "Hjelm,N"]
[Result "1/2-1/2"]
[WhiteElo "2389"]
[BlackElo "2323"]

1.d4 d5 2.c4 dxc4 3.e4 e5 4.Nf3 exd4 5.Bxc4 Bb4+ 6.Nbd2 Nc6 7.O-O Nf6 8.e5 Nd5
9.Nb3 Nb6 10.Bb5 Qd5 11.Nbxd4 Bd7 12.Nxc6 Qxb5 13.Nfd4 Qc5 14.Nxb4 Qxb4 15.a3 Qe7
16.Re1 O-O-O 17.Qh5 h6 18.Bd2 Nd5 19.Rac1 Be6 20.Qe2 Kb8 21.Qb5 Nb6 22.Bb4 Qh4
23.Nxe6 fxe6 24.Rc3 Rd5 25.Qe2 Qd8 26.Rg3 Rd7 27.Rg6 Nd5 28.Qg4 h5 29.Qe4 Qe8
30.Rg3 b6 31.Rf3 g5 32.Bd2 g4 33.Rd3 Rg8 34.a4 a5 35.b4 axb4 36.Bxb4 Qg6
37.Qc4 Rgd8 38.a5 Qf5 39.Rb3 Qf4 40.Qxf4 Nxf4 41.axb6 cxb6 42.Ba5 Rd1 43.Rxb6+ Kc8
44.Rc6+ Kb7 45.Rb6+ Kc8 46.Rc6+ Kb7 47.Rb6+  1/2-1/2

[Event "Team Cup"]
[Site "Belgrade YUG"]
[Date "2003.04.06"]
[Round "3"]
[White "Carnic,S"]
[Black "Hrzic,I"]
[Result "1/2-1/2"]
[WhiteElo "2355"]
[BlackElo "2300"]

1.d4 d5 2.c4 dxc4 3.e4 e5 4.Nf3 exd4 5.Bxc4 Bb4+ 6.Bd2 Bxd2+ 7.Nbxd2 Nc6
8.O-O Nh6 9.Nb3 O-O 10.Nbxd4 Nxd4 11.Qxd4 Bg4 12.Qc3 Bxf3 13.Qxf3 Qe7 14.h3 Kh8
15.Rfe1 f6 16.Rad1 Nf7 17.Bxf7 Qxf7 18.b3  1/2-1/2

[Event "6th St Quentin Open"]
[Site "Elancourt FRA"]
[Date "2003.04.16"]
[Round "6"]
[White "Boillon,V"]
[Black "L'Henoret,T"]
[Result "1-0"]
[WhiteElo "2087"]
[BlackElo "2122"]

1.d4 d5 2.c4 dxc4 3.e4 Nf6 4.Nc3 e5 5.Nf3 exd4 6.Qxd4 Bd6 7.Bg5 Nc6 8.Qxc4 h6
9.Bh4 Be6 10.Qa4 O-O 11.Be2 Ne5 12.Rd1 Bd7 13.Qb3 Ng6 14.Bg3 Qe7 15.O-O Nxe4
16.Nxe4 Qxe4 17.Bxd6 cxd6 18.Bd3 Qe6 19.Bc4 Qf6 20.Qxb7 Bg4 21.Qe4 Ne5 22.Nxe5 Bf5
23.Bxf7+ Kh7 24.Bg6+ Bxg6 25.Qxg6+ Qxg6 26.Nxg6 Kxg6 27.Rxd6+ Rf6 28.Rfd1 Rc8
29.g3 Rc2 30.R1d2 Rc6 31.Rxf6+ gxf6 32.b4 a6 33.Rb2 f5 34.Kg2 Kg5 35.f4+ Kg4
36.a4 Rb6 37.b5 a5 38.h3+ Kh5 39.Kf3 Re6 40.b6 Rxb6 41.g4+  1-0

[Event "7th Neckar Open"]
[Site "Deizisau GER"]
[Date "2003.04.21"]
[Round "8"]
[White "Epishin,V"]
[Black "Kasparov,S"]
[Result "1/2-1/2"]
[WhiteElo "2628"]
[BlackElo "2443"]

1.d4 d5 2.c4 dxc4 3.e4 Nf6 4.e5 Nd5 5.Bxc4 Nb6 6.Bb3 Nc6 7.Ne2 Bf5 8.Nbc3 e6
9.O-O Qd7 10.Be3 O-O-O 11.Rc1 Kb8 12.Na4 Be7 13.Nxb6 cxb6 14.Ba4 h5 15.a3 h4
16.h3 f6 17.Bb5 fxe5 18.Qa4 Rc8 19.dxe5 Bd3 20.Rfd1 Bxb5 21.Qxb5 Qe8 22.Qc4 Qf7
23.Qe4 Rhd8 24.Rxd8 Rxd8 25.b4 Qf5 26.Qc4 Qd3 27.Qa2 g5 28.Nc3 Qf5 29.f3 Nxe5
30.Qe2 Qd3 31.Qe1 Qf5 32.Qe2 Qd3 33.Qe1 Qf5 34.Qe2  1/2-1/2

[Event "St Petersburg vs. Moscow"]
[Site "St Petersburg RUS"]
[Date "2003.05.03"]
[Round "1"]
[White "Grabuzova,T"]
[Black "Korbut,E"]
[Result "0-1"]
[WhiteElo "2375"]
[BlackElo "2312"]

1.d4 d5 2.c4 dxc4 3.e4 e5 4.Nf3 exd4 5.Bxc4 Nc6 6.O-O Be6 7.Bxe6 fxe6 8.Qb3 Qd7
9.Qxb7 Rb8 10.Qa6 Nf6 11.Nbd2 Bd6 12.Qd3 O-O 13.a3 Ng4 14.h3 Rxf3 15.Nxf3 Nge5
16.Nxe5 Nxe5 17.Qa6 c5 18.f4 Rb6 19.Qe2 Nc6 20.f5 d3 21.Qg4 Nd4 22.fxe6 Qxe6
23.Qxe6+ Nxe6 24.Rd1 c4 25.Be3 Rxb2 26.Rac1 Re2 27.Bf2 Rxe4 28.Rb1 Nf4 29.Be1 Re2
30.Rd2 c3  0-1

[Event "ch-RUS w"]
[Site "Elista RUS"]
[Date "2003.05.19"]
[Round "2"]
[White "Dorofeeva,A"]
[Black "Chistiakova,T"]
[Result "0-1"]
[WhiteElo "2272"]
[BlackElo "2341"]

1.d4 d5 2.c4 dxc4 3.e4 b5 4.a4 Bb7 5.axb5 Bxe4 6.Nc3 Bb7 7.Nf3 Nf6 8.Bxc4 e6
9.O-O Be7 10.Qe2 O-O 11.Be3 Nbd7 12.Ra2 Nb6 13.Bb3 c6 14.bxc6 Bxc6 15.Ne5 Bb7
16.Rfa1 a6 17.Nd3 Nbd5 18.Na4 Ne4 19.Nac5 Nxc5 20.Nxc5 Bxc5 21.dxc5 Nxe3
22.Qxe3 Qc7 23.Ra5 Rfd8 24.Bc2 Rd5 25.b4 Rad8 26.Re1 Rd4 27.Rb1 Rxb4 28.Rxb4 Qxa5
29.Rb1 Qa2 30.Qb3 Qxb3 31.Rxb3 Be4  0-1

[Event "IEWCC"]
[Site "Istanbul TUR"]
[Date "2003.06.05"]
[Round "4"]
[White "Mamedjarova,T"]
[Black "Danielian,E"]
[Result "1/2-1/2"]
[WhiteElo "2222"]
[BlackElo "2386"]

1.d4 d5 2.c4 dxc4 3.e4 e5 4.Nf3 exd4 5.Qxd4 Qxd4 6.Nxd4 Nf6 7.Bxc4 Bc5 8.Nb3 Bb6
9.Nc3 Nbd7 10.Bf4 Nh5 11.Bd2 c6 12.f4 Bc7 13.e5 g5 14.g3 gxf4 15.gxf4 f6
16.exf6 Ndxf6 17.O-O-O Bg4 18.Rde1+ Kd8 19.Nc5 b5 20.Be6 Bb6 21.Nb7+ Kc7
22.Bxg4 Kxb7 23.Re7+ Bc7 24.Nxb5 Nxg4 25.Nxc7 Rac8 26.Ne6+ Ka8 27.Rg1 Rhg8
28.Nc7+ Kb7 29.Ne6+ Ka8 30.h3 Ngf6 31.Rg5 Nd5 32.Rxh7 Nhf6 33.Rf7 Ne4 34.Rgg7 Rxg7
35.Rxg7 Rh8 36.Nd4 Rh6 37.f5 Rf6 38.Be1 c5 39.Bh4 Ra6 40.Ne6 Rxa2 41.Kb1 Ra4
42.Rg4 Rc4 43.Bg5 a5 44.f6 Nxg5 45.Nxg5 Rxg4  1/2-1/2

[Event "IV Open"]
[Site "Lido Estensi ITA"]
[Date "2003.06.06"]
[Round "1"]
[White "Timoscenko,G"]
[Black "Popa,C"]
[Result "1-0"]
[WhiteElo "2533"]
[BlackElo "2122"]

1.d4 d5 2.c4 dxc4 3.e4 c5 4.d5 e6 5.Bxc4 Nf6 6.Nc3 exd5 7.Nxd5 Nxd5 8.Bxd5 Be7
9.Nf3 O-O 10.O-O Qb6 11.Qe2 Nc6 12.h3 Nd4 13.Nxd4 cxd4 14.b3 Be6 15.Bb2 Rfd8
16.Rad1 Bf6 17.Qc4 Bxd5 18.exd5 Rac8 19.Bxd4 Qa5 20.Bxf6 gxf6 21.Qg4+ Kh8
22.Qf5 Qc3 23.Rfe1 Re8 24.Re4 Rxe4 25.Qxe4 Qe5 26.Qb4 b6 27.d6 Rd8 28.d7 Qc5
29.Qxc5 bxc5 30.Kh2 Kg7 31.Kg3 Kf8 32.Kf4 Ke7 33.Kf5 Rxd7 34.Rxd7+ Kxd7 35.Kxf6 Ke8
36.Ke5  1-0

[Event "IHEM"]
[Site "Hamburg GER"]
[Date "2003.06.07"]
[Round "1"]
[White "Haba,P"]
[Black "Putzbach,G"]
[Result "1-0"]
[WhiteElo "2514"]
[BlackElo "2253"]

1.d4 d5 2.c4 dxc4 3.e4 c5 4.d5 Nf6 5.Nc3 b5 6.Bf4 a6 7.e5 b4 8.exf6 bxc3
9.Bxc4 cxb2 10.Rb1 Qb6 11.Nf3 Qb4+ 12.Nd2 Bf5 13.O-O Bxb1 14.Qg4 Nd7 15.fxg7 Bxg7
16.Qxg7 Rf8 17.Rxb1 Nf6 18.d6 Qc3 19.dxe7 Kxe7 20.Qg5 Kd7 21.g3 Kc6 22.Nb3 Rac8
23.Be5 Qxc4 24.Na5+ Kb6 25.Nxc4+  1-0

[Event "IEWCC"]
[Site "Istanbul TUR"]
[Date "2003.06.14"]
[Round "11"]
[White "Shumiakina,T"]
[Black "Krivec,J"]
[Result "1-0"]
[WhiteElo "2373"]
[BlackElo "2256"]

1.d4 d5 2.c4 dxc4 3.e4 e5 4.Nf3 exd4 5.Bxc4 Nc6 6.Qb3 Bb4+ 7.Bd2 Bxd2+ 8.Nbxd2 Nh6
9.Qa3 Qe7 10.Qxe7+ Kxe7 11.Nb3 Rd8 12.h3 f6 13.Rc1 Ne5 14.Nfxd4 c5 15.Nb5 Nxc4
16.Rxc4 b6 17.Nc7 Rb8 18.O-O Kf8 19.Rcc1 Rb7 20.Nd5 Be6 21.Nc3 Rbd7 22.Na1 Rd2
23.Rc2 Rxc2 24.Nxc2 Rd2 25.Rc1 Nf7 26.f4 g5 27.f5 Bc8 28.b3 Ne5 29.Ne3 Bb7
30.Rd1 Rd3 31.Rxd3 Nxd3 32.g3 Ke7 33.Kf1 Ba6 34.Ned5+ Kf7 35.Nc7 Nb4+ 36.Kf2 Bb7
37.N3b5 Ke7 38.Nxa7 Nxa2  1-0

[Event "TCh-BIH"]
[Site "Jahorina BIH"]
[Date "2003.06.25"]
[Round "7"]
[White "Ilincic,Z"]
[Black "Stevic,H"]
[Result "1/2-1/2"]
[WhiteElo "2557"]
[BlackElo "2550"]

1.d4 d5 2.c4 dxc4 3.e4 e5 4.Nf3 exd4 5.Bxc4 Nc6 6.O-O Be6 7.Bxe6 fxe6 8.Qb3 Qd7
9.Qxb7 Rb8 10.Qa6 Nf6 11.Nbd2 Bd6 12.Qe2 d3 13.Qd1 O-O 14.b3 Rb5 15.Bb2 Nh5
16.g3 Nf6 17.Rc1 e5 18.Kg2 Nd4 19.a4 Nxf3 20.Qxf3 Bb4 21.Nc4 Ng4 22.Qd1 Rc5
23.Kg1 d2 24.Rc2 Qd3 25.Rxd2 Bxd2 26.Qxg4 Qxb3 27.Bxe5 Bh6 28.Qe6+ Rf7 29.Qe8+ Rf8
30.Qe6+ Rf7 31.Qe8+ Rf8 32.Qe6+  1/2-1/2

[Event "ch-NED"]
[Site "Leeuwarden NED"]
[Date "2003.07.02"]
[Round "6"]
[White "Ernst,S"]
[Black "Van den Doel,E"]
[Result "1-0"]
[WhiteElo "2475"]
[BlackElo "2588"]

1.d4 d5 2.c4 dxc4 3.e4 Nf6 4.e5 Nd5 5.Bxc4 Nb6 6.Bd3 Nc6 7.Be3 Nb4 8.Be4 f5
9.exf6 exf6 10.Nc3 f5 11.Bf3 N4d5 12.Nh3 Be7 13.Nf4 Nxe3 14.fxe3 O-O 15.O-O Bg5
16.Qb3+ Kh8 17.Kh1 Qe7 18.Rae1 c6 19.a4 Re8 20.Bh5 Be6 21.Nxe6 Qxe6 22.d5 cxd5
23.Bxe8 Rxe8 24.e4 h6 25.e5 d4 26.Qxe6 Rxe6 27.Nb5 d3 28.Nd4 Re8 29.Nxf5 d2
30.Rd1 Nxa4 31.h4 Nxb2 32.Nd6 Nxd1 33.Rxd1 Re6 34.hxg5 Kh7 35.Rxd2 Rxe5 36.gxh6 b5
37.Ra2 Rd5 38.Nc8 Rd8 39.Ne7 Kxh6 40.Rxa7 Rb8 41.Nc6 Rb6 42.Nb4 g6 43.Rd7 Kg5
44.Kh2 Rf6 45.Rb7 Rf5 46.Nc6 Kf4 47.Nd4 Rh5+ 48.Kg1 Rd5 49.Nxb5 Kg3 50.Nc3 Re5
51.Rf7 Re3 52.Nd1 Ra3 53.Rf1 g5 54.Nf2 g4 55.Ne4+ Kh4 56.Rf4 Re3 57.Kh2 Re2
58.Ng3 Ra2 59.Rf8 Rb2 60.Rh8+ Kg5 61.Rh5+  1-0

[Event "Open"]
[Site "Montpellier FRA"]
[Date "2003.07.07"]
[Round "1"]
[White "Flear,C"]
[Black "Libiszewski,F"]
[Result "0-1"]
[WhiteElo "2239"]
[BlackElo "2458"]

1.d4 d5 2.c4 dxc4 3.e4 Nc6 4.Be3 Nf6 5.Nc3 e5 6.d5 Na5 7.Qa4+ c6 8.b4 cxb3
9.axb3 b5 10.Nxb5 cxb5 11.Bxb5+ Bd7 12.Bxd7+ Nxd7 13.Nf3 Bd6 14.O-O Nb7 15.Qc6 Qb8
16.Ra6 Ke7 17.b4 Rc8 18.Qa4 Nd8 19.Nh4 g6 20.Bg5+ f6 21.Bd2 Nb6 22.Qb3 Nc4
23.Bc3 Nb7 24.Rb1 Kf7 25.g3 Be7 26.Rc6 Nbd6 27.Nf3 Qb5 28.Ra1 Rxc6 29.dxc6 Kg7
30.c7 Qb7 31.Nd2 Qxc7 32.Rc1 Nxd2 33.Bxd2 Qb7 34.Be3 Rc8 35.Ra1 Rc7  0-1

[Event "FSGM July"]
[Site "Budapest HUN"]
[Date "2003.07.08"]
[Round "4"]
[White "Ovsejevitsch,S"]
[Black "Reutsky,S"]
[Result "1/2-1/2"]
[WhiteElo "2497"]
[BlackElo "2307"]

1.d4 d5 2.c4 dxc4 3.e4 Nf6 4.e5 Nd5 5.Bxc4 Nb6 6.Bb3 Nc6 7.Ne2 Bf5 8.Nbc3 e6
9.a3 Qd7 10.O-O O-O-O 11.Be3 h5 12.Rc1 h4 13.h3 f6  1/2-1/2

[Event "1st Stage Russian Cup"]
[Site "Tomsk RUS"]
[Date "2003.07.10"]
[Round "7"]
[White "Popov,Eu"]
[Black "Pereboev,C"]
[Result "0-1"]
[WhiteElo "2144"]
[BlackElo "2245"]

1.d4 d5 2.c4 dxc4 3.e4 e5 4.Nf3 exd4 5.Qxd4 Qxd4 6.Nxd4 Nf6 7.Nc3 Bb4 8.Nb5 Ba5
9.Bf4 Nxe4 10.Nxc7+ Bxc7 11.Bxc7 Nxc3 12.bxc3 Na6 13.Bd6 Be6 14.O-O-O O-O-O
15.Be2 Rd7 16.Rd4 Rhd8 17.Rhd1 Nc7 18.Be5 f6 19.Rxd7 Rxd7 20.Rxd7 Kxd7 21.Bf4 Nd5
22.Bd2 b5 23.a4 Nc7 24.axb5 Nxb5 25.Bd1 Nc7 26.Ba4+ Kc8 27.Be3 a6 28.Kb2 Bd5
29.Bd4 Bxg2 30.Ka3 Ne6  0-1

[Event "BCSA Open"]
[Site "Batumi GEO"]
[Date "2003.07.17"]
[Round "1"]
[White "Gagunashvili,M"]
[Black "Vardanian,Hak"]
[Result "1-0"]
[WhiteElo "2577"]
[BlackElo "2190"]

1.d4 d5 2.c4 dxc4 3.e4 Nf6 4.e5 Nd5 5.Bxc4 Nb6 6.Bb3 Nc6 7.Be3 Bf5 8.Ne2 e6
9.Nbc3 Nb4 10.O-O Be7 11.Qd2 Qd7 12.a3 N4d5 13.Ng3 O-O-O 14.Rac1 Bg6 15.Nge4 Nxc3
16.Nxc3 Kb8 17.Qe2 Rc8 18.Rfd1 c6 19.a4 Nd5 20.a5 Rhd8 21.a6 b6 22.Ba4 b5
23.Bb3 Nxc3 24.bxc3 Be4 25.c4 bxc4 26.Bxc4 Ka8 27.Rc3 Rb8 28.Bg5 Bd5 29.Bxe7 Qxe7
30.Rdc1 Qb4 31.Bxd5 Rxd5 32.Rxc6 Qxd4 33.Rc7 Rxe5 34.Qc2 Qd6 35.Rb7 Rb5 36.Qc8 Rb6
37.h4  1-0

[Event "Open"]
[Site "Ikaros GRE"]
[Date "2003.07.18"]
[Round "7"]
[White "Szymanski,M"]
[Black "Kostouros,A"]
[Result "1-0"]
[WhiteElo "2407"]
[BlackElo "2240"]

1.d4 d5 2.c4 dxc4 3.e4 e5 4.Nf3 exd4 5.Bxc4 Bb4+ 6.Bd2 Bxd2+ 7.Nbxd2 c5 8.O-O Nc6
9.Rc1 b6 10.Bb5 Bd7 11.Nc4 Qc7 12.e5 Nxe5 13.Nxd4 Nxc4 14.Re1+ Kf8 15.Bxc4 Nf6
16.Qf3 Re8 17.Rxe8+ Bxe8 18.Nb5 Qb8 19.Rd1 a6 20.Nd6 b5 21.Nxe8 Qxe8 22.Bb3 c4
23.Bc2 Qe6 24.Bf5 Qe5 25.Qa3+ Kg8 26.Qg3 Qe7 27.Qb8+ Ne8 28.Bd7 Kf8 29.Bxe8 g6
30.Bc6+ Kg7 31.Qg3 Rc8 32.Qc3+ Kg8 33.Bf3 b4 34.Qe3 Qf6 35.Qe2 a5 36.g3 c3
37.bxc3 Rxc3 38.Kg2 Kg7 39.Rd3 a4 40.Rxc3 Qxc3 41.Bd5 b3 42.axb3 axb3 43.Qe7 b2
44.Qxf7+ Kh6 45.Qf8+ Qg7 46.Qxg7+ Kxg7 47.Ba2 g5 48.Kf3  1-0

[Event "BCSA Open"]
[Site "Batumi GEO"]
[Date "2003.07.23"]
[Round "7"]
[White "Kotanjian,T"]
[Black "Yegiazarian,A"]
[Result "1-0"]
[WhiteElo "2431"]
[BlackElo "2524"]

1.d4 d5 2.c4 dxc4 3.e4 c5 4.d5 Nf6 5.Nc3 b5 6.Bf4 a6 7.e5 b4 8.exf6 bxc3
9.bxc3 Nd7 10.Bxc4 gxf6 11.Ne2 Nb6 12.Bb3 c4 13.Bxc4 Nxc4 14.Qa4+ Qd7 15.Qxc4 Bb7
16.Rd1 Rd8 17.O-O Qb5 18.Qc7 Bxd5 19.c4 Qxc4 20.Nc3  1-0

[Event "BCSA Open"]
[Site "Batumi GEO"]
[Date "2003.07.24"]
[Round "8"]
[White "Vardanian,Hak"]
[Black "Jamagidze,M"]
[Result "1-0"]
[WhiteElo "2190"]
[BlackElo "2259"]

1.d4 d5 2.c4 dxc4 3.e4 Nf6 4.e5 Nd5 5.Bxc4 Nb6 6.Bd3 Nc6 7.Be3 Be6 8.Nc3 Bd5
9.Nf3 e6 10.O-O Qd7 11.Nxd5 Qxd5 12.a3 Be7 13.Qc2 Qd7 14.b4 a6 15.Nd2 g6
16.Be4 Nd5 17.Nb3 O-O 18.Nc5 Bxc5 19.bxc5 f5 20.exf6 Nxf6 21.Rab1 Nxe4 22.Qxe4 Rab8
23.h4 Qd5 24.Qg4 b5 25.cxb6 cxb6 26.h5 Qf5 27.Qxf5 Rxf5 28.hxg6 hxg6 29.Rbc1 Ne7
30.Rfe1 Rb7 31.Bd2 Kf7 32.Re4 Rd5 33.Rce1 Rd6 34.Bf4 Rc6 35.Be5 Nd5 36.Rh4 Re7
37.Ree4 b5 38.Rh8 g5 39.Rg4  1-0

[Event "16th Open"]
[Site "Kiel GER"]
[Date "2003.07.25"]
[Round "1"]
[White "Foisor,S"]
[Black "Karpatchev,A"]
[Result "0-1"]
[WhiteElo "2057"]
[BlackElo "2397"]

1.d4 d5 2.c4 dxc4 3.e4 Nc6 4.Be3 Nf6 5.f3 e5 6.d5 Nd4 7.Ne2 c5 8.dxc6 Nxc6
9.Qxd8+ Kxd8 10.Ng3 Be6 11.Nd2 Nb4 12.Rc1 Nxa2 13.Rd1 Bb4 14.Kf2 c3 15.Nb1+ Kc7
16.bxc3 Ba5 17.Nf5 g6 18.Nd6 Bb6 19.Nb5+ Kb8 20.Bxb6 axb6 21.Nd2 Bd7 22.Nb1 Be6
23.Be2 Ra5 24.Rd2 Rc8 25.Rb2 Rd8 26.Nd2 Bd7 27.Nb1 Be6 28.Nd2 Ne8 29.Nc4 Rxb5
30.Rxb5 Nxc3 31.Rb4 Nxe2 32.Kxe2 Rd4 33.Rd1 Bxc4+ 34.Ke1 Rxd1+ 35.Kxd1 b5
36.Rb2 Nd6 37.Rd2 Kc7 38.Kc1 Be6 39.Rc2+ Nc4 40.Ra2 b4 41.Ra4 b3 42.Rb4 b2+
43.Kb1 Kc6 44.g3 b5  0-1

[Event "ch-SCCF"]
[Site "Costa Mesa USA"]
[Date "2003.07.27"]
[Round "8"]
[White "Ambarcumjan,A"]
[Black "Khachiyan,M"]
[Result "1/2-1/2"]
[WhiteElo "2424"]
[BlackElo "2473"]

1.d4 d5 2.c4 dxc4 3.e4 e5 4.Nf3 exd4 5.Bxc4 Bb4+ 6.Nbd2 Nc6 7.O-O Be6 8.Bxe6 fxe6
9.Nb3 Qd7 10.Nfxd4 Nxd4 11.Qxd4 Qxd4 12.Nxd4 Kf7 13.Rd1 Nf6 14.f3 Rhd8 15.Be3 Rd7
16.Nb5 c6 17.Nc3 Bxc3 18.bxc3 e5 19.Rab1 b6 20.Rxd7+ Nxd7 21.Rd1 Ke6 22.g3 Nf6
23.Kf2 h6 24.Bc1 Ne8 25.f4 Nd6 26.f5+ Ke7 27.Kf3 Rd8 28.h4 Kf6 29.Ba3 c5
30.g4 Nf7 31.Rxd8 Nxd8 32.Bc1 Nf7 33.Be3 g5 34.hxg5+ hxg5 35.Bc1 Nd6 36.Ke3  1/2-1/2

[Event "ch-SCCF"]
[Site "Costa Mesa USA"]
[Date "2003.07.27"]
[Round "9"]
[White "Ambarcumjan,A"]
[Black "Small,G"]
[Result "0-1"]
[WhiteElo "2424"]
[BlackElo "2206"]

1.d4 d5 2.c4 dxc4 3.e4 c5 4.d5 e6 5.Nc3 exd5 6.Nxd5 Ne7 7.Bg5 h6 8.Bf6 Be6
9.Qa4+ Nd7 10.Nxe7 gxf6 11.Nf5 a6 12.Ne2 b5 13.Qc2 Ne5 14.Nf4 Bxf5 15.exf5 Qd4
16.Qd2 Rd8 17.O-O-O h5 18.Be2 Bh6 19.g3 Qxd2+ 20.Rxd2 Rxd2 21.Kxd2 Bxf4+
22.gxf4 Nc6 23.Bf3 Nd4 24.Be4 Kd7 25.Re1 Rg8 26.h3 h4 27.Rh1 Kd6 28.Rd1 Re8
29.Re1 Kc7 30.Re3 Rd8 31.Kc3 Rg8 32.Re1 Rg1 33.Rxg1 Ne2+ 34.Kd2 Nxg1 35.Bg2 Kb6
36.Ke1 Ka5 37.Kd1 Kb4 38.Kc2 Ne2 39.a3+ Ka5 40.Kd2 Nxf4 41.Bf1 Ka4 42.Kc3 Nd5+
43.Kc2 c3 44.bxc3 Kxa3 45.c4 Nc7 46.cxb5 axb5 47.Kc3 Nd5+ 48.Kd3 Kb4 49.Ke4 Ne7
50.Bd3  0-1

[Event "HZ Open"]
[Site "Vlissingen NED"]
[Date "2003.08.03"]
[Round "3"]
[White "Gyimesi,Z"]
[Black "Tiggelman,R"]
[Result "1/2-1/2"]
[WhiteElo "2553"]
[BlackElo "2200"]

1.d4 d5 2.c4 dxc4 3.e4 Nc6 4.Be3 Nf6 5.f3 e5 6.d5 Nd4 7.Bxc4 Bb4+ 8.Nc3 O-O
9.Ne2 Nxe2 10.Qxe2 a6 11.O-O Qe7 12.Qf2 Bd7 13.a3 Bd6 14.Rfd1 Nh5 15.Kh1 Kh8
16.Qd2 Rg8 17.Ne2 g6 18.Qc3 f6 19.Nc1 g5 20.Rd2 g4 21.fxg4 Bxg4 22.Nb3 Raf8
23.Rf1 Rg6 24.Rff2 Rfg8 25.Bf1 Qg7 26.Nc5 Bc8 27.Nd3 Rg4 28.Nc5 Rh4 29.Kg1 Qg4
30.g3 Nxg3 31.hxg3 Qh5 32.Rg2 Rh1+ 33.Kf2 Bh3 34.Nxb7 Rxf1+ 35.Kxf1 Qf3+
36.Kg1 Rxg3 37.Rxg3 Qxg3+ 38.Kh1 Bg4 39.Rf2 Bf3+ 40.Rxf3 Qxf3+ 41.Kg1 Qg3+
42.Kf1 Qf3+ 43.Ke1 Qxe4 44.Nc5 Qh1+ 45.Ke2 Qg2+ 46.Bf2 Qxd5 47.Qd3 Qa2 48.Na4 Kg7
49.Be1 Qe6 50.Nc3 Qg4+ 51.Kd2 h5 52.Qxa6 h4 53.Qd3 f5 54.Nd1 e4 55.Ne3 exd3
56.Nxg4 fxg4 57.Bxh4 g3 58.Kxd3 g2 59.Bf2 Bh2 60.a4 Kf7 61.Kc4 Ke6 62.Kc5 Kd7
63.b4 g1=Q 64.Bxg1 Bxg1+ 65.Kb5 Be3 66.Ka6 Kc8 67.a5 Kb8 68.Kb5 Kb7 69.a6+ Ka7
70.Kc6 Bf4 71.b5 Bg3 72.Kc5 Bh2 73.Kc6 Bd6 74.Kd7 Bg3 75.Kc6 Bf4 76.Kd7 Bg3  1/2-1/2

[Event "HZ Open"]
[Site "Vlissingen NED"]
[Date "2003.08.07"]
[Round "7"]
[White "Bodicker,R"]
[Black "Jonkman,H"]
[Result "0-1"]
[WhiteElo "2159"]
[BlackElo "2424"]

1.d4 d5 2.c4 dxc4 3.e4 Nf6 4.e5 Nd5 5.Bxc4 Nb6 6.Bb3 Nc6 7.Ne2 Bf5 8.Nbc3 e6
9.a3 Qd7 10.Be3 O-O-O 11.O-O h5 12.Bc2 Bxc2 13.Qxc2 f6 14.Rfd1 Nd5 15.Nxd5 exd5
16.Qa4 Kb8 17.Nc3 h4 18.h3 g5 19.f3 Bh6 20.Kh2 f5 21.b4 g4 22.Bxh6 Rxh6 23.Qc2 Rg8
24.Qb3 gxh3 25.gxh3 Qe7 26.Rg1 Rhg6 27.Ne2 R8g7 28.Kh1 Nxd4  0-1

[Event "ADCF Masters"]
[Site "Abu Dhabi UAE"]
[Date "2003.08.18"]
[Round "3"]
[White "Neverov,V"]
[Black "Vladimirov,E"]
[Result "1/2-1/2"]
[WhiteElo "2566"]
[BlackElo "2606"]

1.d4 d5 2.c4 dxc4 3.e4 c5 4.Nf3 cxd4 5.Qxd4 Qxd4 6.Nxd4 Bd7 7.Bxc4 Nc6 8.Nxc6 Bxc6
9.Nc3 e6 10.Be3 Bb4 11.f3 Nf6 12.Rc1 a6 13.a3 O-O 14.Rd1 Bd6 15.Bd4  1/2-1/2